000 00385nam a2200157Ia 4500
005 20250428004930.0
008 240331s9999 xx 000 0 und d
020 _a9559555804
082 _bHET
_a891
100 _aHettiarachchi,W.N
245 0 _aNikmanaka nimitthak
260 _aSri Lanka
_bVipuli Niroshini Hettiarachchi
_c1993
300 _a64 p .,
650 _aPoems
942 _cL
999 _c4840
_d4840